000 00482nam a2200181Ia 4500
005 20250317123449.0
008 008 250317s9999 xx 000 0 eng d
037 _aTextbook
040 _aFMSL
_beng
_cFMSL
041 _aeng
_2eng
084 _aX:8 K7
_qFMSL
100 _aCannng R G
_9740371
245 0 _aManagement of data processing
260 _aNY
_bNY, John Wiley
_c1967
300 _a124p
942 _cTB
_hX:8 K7
999 _c1251367
_d1251367